| 000 | 00947cam a2200253 a 4500 | ||
|---|---|---|---|
| 001 | 000015062 | ||
| 005 | 20200929163937.0 | ||
| 008 | 760322s1978 nq a 000 0 spa | ||
| 040 |
_aDO-SdBNP _bspa _cDLC _dBNPHU |
||
| 082 |
_aN864.44 _bC961n, 1978 |
||
| 100 | 1 |
_aCuadra, Pablo Antonio, _d1912-2002. _934098 |
|
| 245 | 1 | 3 |
_aEl nicaragüense / _cPablo Antonio Cuadra ; epílogo de José Coronel Urtecho. |
| 250 | _a8a. ed. | ||
| 260 |
_aManagua, Nicaragua : _bEditorial Universitaria Centroamericana (EDUCA), _c1978. |
||
| 300 |
_a282 p. : _bil. ; _c17 cm. |
||
| 490 | 1 | _aSéptimo día | |
| 651 | 4 |
_aNicaragua _xEnsayos, Conferencias, Etc.. _934099 |
|
| 650 | 4 |
_aLiteratura nicaragüense _xHistoria y crítica _910717 |
|
| 650 | 4 |
_aLiteratos nicaragüenses _xCrítica e interpretación _934100 |
|
| 650 | 4 |
_aCaracterísticas nacionales _zNicaragua _934101 |
|
| 830 | 0 |
_aSéptimo día ; _924471 |
|
| 910 | _aCatalogación derivada | ||
| 049 | _aBNGR | ||
| 999 |
_c14634 _d14634 |
||